| 000 | 00565cam a2200205ua 4500 | ||
|---|---|---|---|
| 001 | 10354 | ||
| 008 | 180604n ii |||gr||||Z||||||eng | ||
| 020 | _a9780195606775 | ||
| 040 | _cMAIN | ||
| 041 | _aeng | ||
| 082 | _a809 | ||
| 100 |
_aEnright, D. J., _eEditor. |
||
| 245 |
_aEnglish critical texts: 16th Century to 20th Century _cEd. by D.J. Enright |
||
| 250 | _a40th imp. | ||
| 260 |
_aNew Delhi: _bOxford university press, _c2016. |
||
| 300 | _a398p. | ||
| 653 | _aHistory, description & criticism | ||
| 700 |
_aChickera, Ernst De, _eEditor. |
||
| 942 | _cBK | ||
| 999 |
_c9344 _d9344 |
||